000 00446nam a2200121 a 4500
008 120416s1985 xx |||||||||||||| || u
050 _aTC 411 Com
100 _aKerr, Charles
245 1 0 _aCommunity water development
_cselected and edited by Charles Kerr
260 _c1985
350 _a0.00
995 _D0.00
_FCBU-MAIN LIBRARY (Kitwe)
_H1
_I9.95
_UAVAILABLE
_ZMain Library Open Access Collection
999 _c37958
_d37958